书目信息 |
| 题名: |
青年演讲能力训练教程
|
|
| 作者: | 李平收 主编 ;文韬 执行主编 | |
| 分册: | ||
| 出版信息: | 北京 知识出版社 2002.01 |
|
| 页数: | 297页 | |
| 开本: | 21cm | |
| 丛书名: | 新世纪青年成功素质训练教程系列丛书 | |
| 单 册: | ||
| 中图分类: | H019-49 | |
| 科图分类: | ||
| 主题词: | 演说--语言艺术--青年读物 , 演说 , 语言艺术 | |
| 电子资源: | ||
| ISBN: | 7-5015-3236-2 | |
| 000 | 00877nam2 2200289 45 | |
| 001 | 012003000000 | |
| 005 | 20070405150436.07 | |
| 010 | @a7-5015-3236-2@dCNY 26.60 | |
| 100 | @a20040404e2002 em y0chiy0121 ea | |
| 101 | 0 | @achi |
| 102 | @aCN@b110000 | |
| 105 | @ak z 000yy | |
| 200 | 1 | @a青年演讲能力训练教程@Aqing nian yan jiang neng li xun lian jiao cheng@f李平收主编 |
| 210 | @a北京@c知识出版社@d2002.01@h2004重印 | |
| 215 | @a297页@c表格@d21cm | |
| 225 | 2 | @a新世纪青年成功素质训练教程系列丛书@f文韬执行主编 |
| 320 | @a书末附参考书目 | |
| 410 | 0 | @12001 @a新世纪青年成功素质训练教程系列丛书 |
| 606 | 0 | @a演说@x语言艺术@j青年读物 |
| 606 | 0 | @a演说 |
| 606 | 0 | @a语言艺术 |
| 690 | @aH019-49@v4 | |
| 701 | 0 | @a李平收@Ali ping shou@4主编 |
| 702 | 0 | @a文韬@Awen tao@4执行主编 |
| 801 | 0 | @aCN@c20070405 |
| 905 | @dH019-49@eL220 | |
| 906 | @dCNY26.60@n3@r1 | |
| 青年演讲能力训练教程/李平收主编.-北京:知识出版社,2002.01(2004重印) |
| 297页:表格;21cm.-(新世纪青年成功素质训练教程系列丛书/文韬执行主编) |
| ISBN 7-5015-3236-2:CNY 26.60 |
| ● |
| 相关链接 |
|
|
|
正题名:青年演讲能力训练教程
索取号:H019-49/L220
 
预约/预借
| 序号 | 登录号 | 条形码 | 馆藏地/架位号 | 状态 | 备注 |
| 1 | 398668 | 203986687 | 语言库209/209语言库 65排2列1层/ [索取号:H019-49/L220] | 在馆 | |
| 2 | 398669 | 203986696 | 语言库209/209语言库 65排2列1层/ [索取号:H019-49/L220] | 在馆 | |
| 3 | 398670 | 203986703 | 语言库209/209语言库 65排2列1层/ [索取号:H019-49/L220] | 在馆 | |
| 4 | 448521 | 204485217 | 语言库209/209语言库 65排2列1层/ [索取号:H019-49/L220] | 在馆 | |
| 5 | 448522 | 204485226 | 语言库209/209语言库 65排2列1层/ [索取号:H019-49/L220] | 在馆 | |
| 6 | 448523 | 204485235 | 语言库209/209语言库 65排2列1层/ [索取号:H019-49/L220] | 在馆 |